Pages de début (notice n° 1615457)
[ vue normale ]
| 000 -LEADER | |
|---|---|
| fixed length control field | 02039cam a2200241 4500500 |
| 005 - DATE AND TIME OF LATEST TRANSACTION | |
| control field | 20260111073354.0 |
| 041 ## - LANGUAGE CODE | |
| Language code of text/sound track or separate title | fre |
| 042 ## - AUTHENTICATION CODE | |
| Authentication code | dc |
| 100 10 - MAIN ENTRY--PERSONAL NAME | |
| Personal name | Martin, Tristan |
| Relator term | author |
| 245 00 - TITLE STATEMENT | |
| Title | Pages de début |
| 260 ## - PUBLICATION, DISTRIBUTION, ETC. | |
| Date of publication, distribution, etc. | 2025.<br/> |
| 500 ## - GENERAL NOTE | |
| General note | 52 |
| 520 ## - SUMMARY, ETC. | |
| Summary, etc. | La production robotisée d’anticancéreux injectables est en plein développement. Elle nécessite des aménagements des pratiques et l’anticipation de tous les aspects liés à la production. Ce travail s’inscrit dans une démarche de réflexion et vise à proposer un outil d’anticipation sécurisant.Les premières pharmacies à usage intérieur équipées ont élaboré un diagramme d’Ishikawa, et à chaque risque elles y ont associé un livrable, un responsable, et une temporalité. Les 70 risques identifiés ont été compilés dans un plan d’action sous la forme d’un tableau de pilotage. Cette première version, pratique et adaptable, doit permettre de faciliter la conduite de projet. |
| 520 ## - SUMMARY, ETC. | |
| Summary, etc. | Automated compounding of injectable anti-cancer drugs has become increasingly popular. It requires adjustments to practices and the anticipation of all aspects related to production. This work reflects a reflection process and aims to provide a secure anticipation tool.The first equipped hospital pharmacies have created an Ishikawa diagram, and each risk has been assigned a deliverable, a manager, and a timeframe. The 70 identified risks have been compiled into an action plan in the form of a dashboard. This first version of the practical and adaptable tool should facilitate project management. |
| 700 10 - ADDED ENTRY--PERSONAL NAME | |
| Personal name | Mitha, Assia |
| Relator term | author |
| 700 10 - ADDED ENTRY--PERSONAL NAME | |
| Personal name | Grassi, Enzo |
| Relator term | author |
| 700 10 - ADDED ENTRY--PERSONAL NAME | |
| Personal name | Desmaris, Romain |
| Relator term | author |
| 700 10 - ADDED ENTRY--PERSONAL NAME | |
| Personal name | Bertrand, Claude |
| Relator term | author |
| 700 10 - ADDED ENTRY--PERSONAL NAME | |
| Personal name | Coliat, Pierre |
| Relator term | author |
| 700 10 - ADDED ENTRY--PERSONAL NAME | |
| Personal name | Rieutord, André |
| Relator term | author |
| 786 0# - DATA SOURCE ENTRY | |
| Note | Médecine et chirurgie du pied | 40 | 1 | 2025-09-19 | p. I-II | 0759-2280 |
| 856 41 - ELECTRONIC LOCATION AND ACCESS | |
| Uniform Resource Identifier | <a href="https://stm.cairn.info/revue-medecine-et-chirurgie-du-pied-2025-1-page-I?lang=fr&redirect-ssocas=7080">https://stm.cairn.info/revue-medecine-et-chirurgie-du-pied-2025-1-page-I?lang=fr&redirect-ssocas=7080</a> |
Pas d'exemplaire disponible.




Réseaux sociaux